| 000 | 00708nam a22002297a 4500 | ||
|---|---|---|---|
| 005 | 20250415123911.0 | ||
| 008 | 250415b |||||||| |||| 00| 0 eng d | ||
| 020 | _a978-81-269-3745-5 (hbk) | ||
| 037 | _cTB | ||
| 040 |
_aCRL _cCRL |
||
| 041 |
_2eng _aeng |
||
| 084 |
_aR6 R4 _qTB |
||
| 100 |
_aChande, M. B. _9752288 |
||
| 245 | _aIndian philosophy in modern times | ||
| 260 |
_aNew Delhi, India: _bAtlantic Publishers, _c2024. |
||
| 300 | _axvi, 405p. | ||
| 365 |
_b995.00 _cINR |
||
| 650 | _aPhilosophy | ||
| 650 | _aIndian Philosophy | ||
| 942 |
_2CC _cTB _hR6 R4 _n0 |
||
| 999 |
_c1309002 _d1309002 |
||